[Event "ROM-ch op (Women)"]
[Site "Eforie Nord"]
[Date "1997.??.??"]
[Round "?"]
[White "Peptan, Corina Isabela"]
[Black "Diaconu, Raluca"]
[Result "1-0"]
[WhiteElo "2460"]
[BlackElo "2045"]
[PlyCount "65"]
[EventDate "1997.09.??"]
[EventType "swiss"]
[EventRounds "11"]
[EventCountry "ROU"]
[SourceTitle "EXT 2000"]
[Source "ChessBase"]
[SourceDate "1999.11.16"]
[SourceVersion "1"]
[SourceVersionDate "1999.11.16"]
[SourceQuality "1"]

1. e4 c5 2. Nf3 Nc6 3. Bb5 g6 4. 0-0 Bg7 5. c3 Nf6 6. Re1 0-0 7. d3 d5 8. e5 Ne8 9. Bxc6 bxc6 10. Be3 Rb8 11. Bxc5 Rxb2 12. Qa4 Qc7 13. Nbd2 Rb5 14. Qxa7 Qxa7 15. Bxa7 Bf5 16. Nd4 Rb2 17. Nxf5 gxf5 18. Nf3 Nc7 19. Bc5 Ra8 20. a4 Ne6 21. Bxe7 Nf4 22. d4 Ne2+ 23. Kf1 Nxc3 24. a5 Bf8 25. Bxf8 Kxf8 26. Re3 Nb5 27. e6 Rb4 28. exf7 Nxd4 29. Nxd4 Rxd4 30. Re8+ Rxe8 31. fxe8Q+ Kxe8 32. a6 Rb4 33. a7 1-0